00306nam a2200097 a 450000500170000000800410001705000190005824500850007726000340016230000120019620140414093839.0030923s19uu xx 00 eng d aVHS 300bOR 14 aBullying--no way! :ba professional development resource for school communities. bEducation Queensland,cc1998. a32 min.